Signals, Systems, & Transforms, Global Edition/

For sophomore/junior-level signals and systems courses in Electrical and Computer Engineering departments. This text provides a clear, comprehensive presentation of both the theory and applications in signals, systems, and transforms. It presents the mathematical background of signals and systems, i...

Full description

Saved in:
Bibliographic Details
Main Authors: Phillips, Charles L. (Author), Parr, John (Author), Riskin, Eve A. (Author), Phillips, Charles (Author), Riskin, Eve (Author)
Format: Electronic Book
Published: Harlow : Pearson International Content, 2014.
Edition:Fifth edition
Subjects:
Online Access:https://resolver.vitalsource.com/9781292015323
Tags: Add Tag
No Tags, Be the first to tag this record!

MARC

LEADER 00000nam#a2200000 4500
001 9781292015323
003 VST
005 20260317120217.0
006 m o d
007 cr#un#---uucau
008 140527s2014 xxk o 00 0 eng d
020 |a  9781292015323   |q  (ebook)  
020 |z  9780133506471   |q  (hardcover)  
020 |z  9781323066065   |q  (ebook)  
020 |z  9780133506563   |q  (ebook)  
020 |z  9780133506624   |q  (ebook)  
020 |z  9781292455938   |q  (ebook)  
020 |z  9781292015286   |q  (ebook)  
020 |z  9780133506570   |q  (ebook)  
040 |a VST  |b eng  |c VST  |d VST 
072 |a TEC009000  |2 bisacsh 
072 |a THR  |2 bicssc 
072 |a UYS  |2 bicssc 
100 1 |a Phillips, Charles L.  |e author 
245 1 0 |a Signals, Systems, & Transforms, Global Edition/  |c  Charles L. Phillips, John Parr, Eve A. Riskin, Charles Phillips, Eve Riskin. 
250 |a Fifth edition 
264 1 |a Harlow :  |b Pearson International Content,  |c 2014. 
300 |a 1 online resource 
336 |a text  |b txt  |2 rdacontent 
337 |a computer  |b c  |2 rdamedia 
338 |a online resource  |b cr  |2 rdacarrier 
520 |a For sophomore/junior-level signals and systems courses in Electrical and Computer Engineering departments. This text provides a clear, comprehensive presentation of both the theory and applications in signals, systems, and transforms. It presents the mathematical background of signals and systems, including the Fourier transform, the Fourier series, the Laplace transform, the discrete-time and the discrete Fourier transforms, and the z-transform. The text integrates MATLAB examples into the presentation of signal and system theory and applications.   The full text downloaded to your computer With eBooks you can: search for key concepts, words and phrases make highlights and notes as you study share your notes with friends eBooks are downloaded to your computer and accessible either offline through the Bookshelf (available as a free download), available online and also via the iPad and Android apps. Upon purchase, you'll gain instant access to this eBook. Time limit The eBooks products do not have an expiry date. You will continue to access your digital ebook products whilst you have your Bookshelf installed. 
650 4 |a Technology & Engineering/Engineering (General) 
650 4 |a Technology & Engineering/Engineering (General) 
700 1 |a Parr, John  |e author 
700 1 |a Riskin, Eve A.  |e author 
700 1 |a Phillips, Charles  |e author 
700 1 |a Riskin, Eve  |e author 
776 0 8 |i Hardcover version:  |t Signals, Systems, & Transforms, Global Edition  |z 9780133506471 
856 4 0 |u https://resolver.vitalsource.com/9781292015323 
999 |c 249587  |d 249586